Państwa w Grupie 8 najbogatszych państw - Statystyki

Ogólne statystyki
  • Ten quiz został rozwiązany 166 razy
  • Średni wynik to 7 z 8
Statystyki odpowiedzi
Państwa % Poprawnych
Stany Zjednoczone
99%
Niemcy
90%
Rosja
86%
Francja
85%
Kanada
84%
Japonia
81%
Wielka Brytania
81%
Włochy
69%
Nie znaleziono quizów pasujących do podanych kryteriów
Rozkład punktacji
Procent ludzi z każdym wynikiem
Percentyl według liczby udzielonych odpowiedzi
Twoja historia wyników
Nie rozwiązałeś tego quizu